Fiatal felnőttek egészséggel kapcsolatos ismereteinek és egészségtudatosságának hatása egészségmagatartásukra

Elmentve itt :
Bibliográfiai részletek
Szerző: Bereczky Zsolt Botond
További közreműködők: Bársonyné Kis Klára (Témavezető)
Dokumentumtípus: Szakdolgozat
Megjelent: 2014
Tárgyszavak:
Online Access:http://diploma.bibl.u-szeged.hu/93312
LEADER 00735nta a2200181 i 4500
001 dipl93312
005 20201001124646.0
008 201001s2014 hu om 0|| zxx d
040 |a SZTE Diploma Repozitórium  |b hun 
041 |a zxx 
100 1 |a Bereczky Zsolt Botond 
245 1 0 |a Fiatal felnőttek egészséggel kapcsolatos ismereteinek és egészségtudatosságának hatása egészségmagatartásukra  |h [elektronikus dokumentum] /  |c Zsolt Botond Bereczky 
260 |c 2014 
650 4 |a Orvos- és egészségtudományok 
650 4 |a Medical and health sciences 
650 4 |a Health sciences 
700 2 |a Bársonyné Kis Klára  |e ths 
856 4 0 |u http://diploma.bibl.u-szeged.hu/id/eprint/93312/1/2014_bereczky_zsolt_botond.pdf  |z Dokumentum-elérés